LEADER 01163cam2 2200277 450 001 E600200062652 005 20210922144330.0 100 $a20100406d1881 |||||ita|0103 ba 101 $alat 102 $aIT 200 0 $a1 210 $aNeapoli$cEx Regio Typographeo Equ. Francisci Giannini$d1881 215 $aXVIII, 351p.$d8 tav. f.t. ; 34 cm. 225 2 $aSocietà Napoletana di storia patria$eMonumenti storici$eserie 1$vCronache 410 1$1001LAEC00028433$12001 $a*Società Napoletana di storia patria : Monumenti storici : serie 1$vCronache 461 1$1001E600200033605$12000 $aMonumenta ad Neapolitani Ducatus historiam pertinentia : quae partim nunc primum, partim iterum typis vulgantur 700 1$aCapasso$b, Bartolomeo$3A600200027052$4070$036189 801 0$aIT$bUNISOB$c20210922$gRICA 850 $aUNISOB 852 $aUNISOB$j090$m79158 912 $aE600200062652 940 $aM 102 Monografia moderna SBN 941 $aM 957 $a090$bXVII (17)$i-1$gCON$d79158$racquisto$1beth$2UNISOB$3UNISOB$420100406083939.0$520210922144330.0$6bethb$fConsultabile previa autorizzazione. Esempl. n. 265 996 $a1$91705051 997 $aUNISOB LEADER 01103cam0 22002653 450 001 E600200038721 005 20210929080214.0 100 $a20080716d2006 |||||ita|0103 ba 101 $afre 102 $aFR 200 1 $aKition de Chypre$fMarguerite Yon 210 $aParis$cEditions Recherche sur les Civilisations$d2006 215 $a156 p.$cill.$d24 cm 225 2 $aGuides archéologiques de l'Institut Français du Proche-Orient$v4 410 1$1001LAEC00025237$12001 $a*Guides archéologiques de l'Institut Français du Proche-Orient$v4 700 1$aYon$b, Marguerite$3A600200040781$4070$0206636 801 0$aIT$bUNISOB$c20210929$gRICA 850 $aUNISOB 852 $aUNISOB$jLaboratorio|Archeologico$m139106 912 $aE600200038721 940 $aM 102 Monografia moderna SBN 941 $aM 957 $aLaboratorio|Archeologico$b000468$gCON$d139106$racquisto Laboratorio archeologico$1catenacci$2UNISOB$3UNISOB$420080716084849.0$520210929080206.0$6Spinosa$fModalità di consultazione sulla Home page della Biblioteca link Fondi 996 $aKition de Chypre$91685736 997 $aUNISOB